Know when to close the deal and suddenly grow rich
| Main Author: | Robinson, Marco |
|---|---|
| Published: |
Kuala Lumpur:
Discern Pub. House,
2009.
|
| Subjects: |
| LEADER | 00545cam a2200169 7i4500 | ||
|---|---|---|---|
| 001 | 0000045347 | ||
| 005 | 20130111090000.0 | ||
| 020 | |a 9789834438906 (pbk.) | ||
| 090 | 0 | 0 | |a HF5438.4 |b .R36 2009 |
| 100 | 1 | |a Robinson, Marco | |
| 245 | 0 | 0 | |a Know when to close the deal and suddenly grow rich |c Marco Robinson. |
| 260 | |a Kuala Lumpur: |b Discern Pub. House, |c 2009. | ||
| 300 | |a xxviii, 302 p.: |b ill.; |c 21 cm. | ||
| 650 | 0 | 0 | |a Sales management |
| 650 | 0 | 0 | |a Selling |
| 650 | 0 | 0 | |a Customer relations |
| 999 | |a 0000054960 |b BOK |c OPEN SHELF |e 1st Floor, Bestari Jaya | ||


